000 00762cam a22002531 4500
001 sa 67000412
003 DLC
005 20260227112314.0
008 720605s1965 xx 000 0 eng
010 _asa 67000412
035 _a(OCoLC)325014
040 _aDLC
_cOBgU
_dDLC
042 _apremarc
050 0 0 _aPN4749
_b.P3
100 1 _aParikh, R. D.
245 1 4 _aThe press and society,
_ba sociological study
_c[by] R. D. Parikh.
260 _aBombay,
_bPopular Prakashan,
_c[c1965]
300 _axvi, 154 p.
_c22 cm.
490 _aM. S. University of Baroda. Dept. of Sociology publication
_vno.6
504 _aBibliography: p. 136-142.
650 0 _aJournalism
_xSocial aspects.
650 0 _aGujarati newspapers.
650 0 _aGujarati periodicals.
999 _c71970
_d71970